000 00251nam a2200097Ia 4500
001 709447
005 20250826162547.0
008 250824s9999 xx 000 0 und d
245 0 _aKÜÇÜK ÇOBAN ALİM KIZ III
_cCAHİT UÇUK
260 _bBİLGE YAYINLARI
999 _c709447
_d709447